|
|
|
|
| LEADER |
00000cam a2200000 7i4500 |
| 001 |
0000001222 |
| 005 |
20140215.0 |
| 090 |
0 |
0 |
|a 354.595006
|b MAL 1996
|
| 110 |
1 |
0 |
|a MALAYSIA
|c Jabatan Perdana Menteri
|
| 245 |
1 |
0 |
|a Guidelines for implementing MS ISO 9000 in the Civil Service
|
| 260 |
0 |
0 |
|a Kuala Lumpur :
|b Jabatan Perdana Menteri ,
|c 1996
|
| 300 |
|
|
|a 1v. (various pagings) ;
|c 25 cm.
|
| 440 |
0 |
0 |
|a Development Administration Circular
|v No. 2 of 1996
|
| 650 |
0 |
0 |
|a Civil service
|z Malaysia
|x Handbooks, manuals, etc.
|
| 650 |
0 |
0 |
|a ISO 9000 Series Standards
|x Handbook, manuals, etc.
|
| 650 |
0 |
0 |
|a Public administration
|z Malaysia
|x Handbooks, manuals, etc.
|
| 650 |
0 |
0 |
|a Quality control
|x Standards
|z Malaysia
|
| 998 |
|
|
|a JPSM
|
| 999 |
|
|
|a 0000000721
|b Monograph
|c Open Shelf
|e Default branch
|